01839nam a2200277 u 4500001000800000005001700008008004100025035001200066040001300078041000800091082000800099100004400107245020800151260003400359300003400393520078100427650003701208650005201245650003901297650004601336650004201382650002701424650002701451700003801478700004501516139497720260508085623.0141210e19991210 spa  a1394977 ccomduadb aspa 4a36210aDíaz Chalarca, Flor María4auteaut10aBuen trato a los niños y a las niñas : un aporte a la paz y a los derechos humanos en Urabá. Proyecto "Educación Comunitaria para la Prevención y la Atención del Maltrato Infantil en Urabá" aMedellín :bCerfami,c1999. a32 páginas :bilustraciones3 aLa presente cartilla hace parte del material pedagógico del subproyecto "Educación Comunitaria para la Prevención y Atención del Maltrato Infantil en Urabá". Con ella se propone aportar elementos que contribuyan a promover el buen trato a los niños y niñas y a generar conciencia en torno a los graves efectos que puede tener el maltrato infantil en quienes lo padecen, en la familia y en la sociedad. Se pretende también motivar la búsqueda de alternativas colectivas, desde la perspectiva de los derechos humanos de los niños y las niñas, orientadas a la reducción de este flagelo. Este material contiene bases teóricas y fragmentos de obras de la literatura universal que agregan elementos a la reflexión respecto a los contenidos desarrollados. aMaltrato infantil - Prevención 7aAbuso del niñoxAspectos psicológicos2lemb 7aViolencia familiarzColombia2lemb aViolencia familiar - Prevencion y control 7aDerechos del niñozColombia2armarc 7aAbuso del niño2lemb 7aDelitos sexuales2lemb10aPosada Gonzalez, Carmen4reverev10aTobón Camacho, Diego Alberto4illeill